| 000 | 00333nam a22001217a 4500 | ||
|---|---|---|---|
| 005 | 20260625152510.0 | ||
| 020 | _a9781009486910 | ||
| 100 |
_aStrange, Austin _917028 |
||
| 245 |
_aChinese global infrastructure/ _cby Austin Strange |
||
| 260 |
_a. - U K _b: Cambridge University Press _c, 2024 |
||
| 300 | _a94 pages | ||
| 942 |
_2ddc _cBK |
||
| 999 |
_c761066 _d761066 |
||